• 首页
  • 本馆介绍
  • 公告通知
  • 最新文献
  • 馆藏检索
  • 电子资源
  • 读者导购
  • 参考咨询
  • 我的图书馆
  • 登录
  • 详细信息显示
  • 放入我的书架
  • 预约/预借图书
  • 作者相关作品
  • 分类相关作品
  • 丛书相关作品
  • 出版社相关作品

书目信息

  • 表格格式
  • 工作单格式
  • 卡片格式
题名:
毛泽东
    
 
作者: 威尔逊 著
分册:  
出版信息: 北京   中央文献出版社  2000.07
页数: 537页
开本: 20cm
丛书名:
单 册:
中图分类: A751
科图分类:
主题词: 毛泽东--生平事迹 , 毛泽东--传记
电子资源:
ISBN: 7-5073-0825-1
000 00573nam0 2200205 450
001 2632540587
005 20260414090354.28
010    @a7-5073-0825-1@dCNY29.80
100    @a20260414d2000 km y0chiy0120 ea
101 0  @achi
102    @aCN@b110000
200 1  @a毛泽东@AMao Ze Dong@f威尔逊著@FWei Er Xun Zhu
210    @a北京@c中央文献出版社@d2000.07
215    @a537页@d20cm
606 0  @a毛泽东@x生平事迹
606 0  @a毛泽东@x传记
690    @aA751@v4
701  0 @a威尔逊@AWei Er Xun@4著
801  0 @aCN@b大连网信软件有限公司图书馆·11@c20260414
905    @aZUCC@dA751@e312
    
    毛泽东/威尔逊著.-北京:中央文献出版社,2000.07
    537页;20cm
    
    
    ISBN 7-5073-0825-1:CNY29.80
    
●
相关链接 在E读中查询图书 在五车中查询图书 在当当中查询图书 在豆瓣中查询图书


正题名:毛泽东     索取号:A751/312         预约/预借

序号 登录号 条形码 馆藏地/架位号 状态 备注
1 1442600   214426003   第一样本阅览室/ [索取号:A751/312] 在馆    
唐山师范学院图书馆 欢迎您!
大连网信软件有限公司© 版权所有